000 00417nam a2200181Ia 4500
001 12289
005 20260306162930.0
008 260306t2022||||xx |||||||||||||| ||spa||
041 _aESP
082 _aHR 344
_bDIC 2022 AP
110 _aInstituto Pacífico
245 0 _aActualidad penal
260 _c2022
300 _a284 páginas :
_c25 cm.
650 _aGEN
654 _aCDE
942 _cLIB
_dJUS
_fJUS
_2ddc
_n
999 _c12289
_d12289